000 00289nam a22001337a 4500
008 170714b xxu||||| |||| 00| 0 eng d
020 _a9780813342696
041 _aeng
080 _22ND
_a101
100 _a24
101 _aFIL
245 _aPHILOSOPHY OF MIND
_cKIM, J
942 _2udc
_cBK
999 _c20769
_d20769